Normal view MARC view
  • Ali, Mohsin

Entry Personal Name

Number of records used in: 1

001 - CONTROL NUMBER

  • control field: 17433

003 - CONTROL NUMBER IDENTIFIER

  • control field: NUST

005 - DATE AND TIME OF LATEST TRANSACTION

  • control field: 20190712064750.0

008 - FIXED-LENGTH DATA ELEMENTS

  • fixed length control field: 190712|| aca||aabn | a|a d

040 ## - CATALOGING SOURCE

  • Original cataloging agency: NUST
  • Transcribing agency: NUST

100 ## - HEADING--PERSONAL NAME

  • Personal name: Ali, Mohsin

670 ## - SOURCE DATA FOUND

  • Source citation: Work cat.: (NUST): Ali, Mohsin, Investigation of Specific Cutting Energy at low speed turning of A1 6061 T6 /, 2019.
© 2023 Central Library, National University of Sciences and Technology. All Rights Reserved.